Подробности
| 000 -МАРКЕР |
| контрольное поле |
01542nam0a2200313 4500 |
| 001 - ИДЕНТИФИКАТОР ЗАПИСИ |
| контрольное поле |
RU\NLR\bibl\813298 |
| 005 - ИДЕНТИФИКАТОР ВЕРСИИ |
| контрольное поле |
20260406001558.0 |
| 010 ## - МЕЖДУНАРОДНЫЙ СТАНДАРТНЫЙ НОМЕР КНИГИ (ISBN) |
| Номер (ISBN) |
5-7487-0904-X |
| Тираж |
100 |
| 021 ## - НОМЕР ГОСУДАРСТВЕННОЙ РЕГИСТРАЦИИ |
| Код страны |
Российская Федерация |
| Номер |
2005-15063 |
| Номер Листа государственной регистраци |
762 |
| 035 ## - ДРУГИЕ СИСТЕМНЫЕ НОМЕРА |
| Идентификатор записи |
(NLR Aleph) 000802348 |
| 100 ## - ДАННЫЕ ОБЩЕЙ ОБРАБОТКИ |
| Данные общей обработки |
20050627d2005 |||y0rusy50 ca |
| 101 0# - ЯЗЫК РЕСУРСА |
| Язык текста, звукозаписи и т.д. |
русский |
| 102 ## - СТРАНА ПУБЛИКАЦИИ ИЛИ ПРОИЗВОДСТВА |
| Страна публикации |
Российская Федерация |
| 105 ## - ПОЛЕ КОДИРОВАННЫХ ДАННЫХ: ТЕКСТОВЫЕ МАТЕРИАЛЫ, МОНОГРАФИЧЕСКИЕ |
| Кодированные данные о монографическом текстовом документе |
a ||||||||| |
| 200 1# - ЗАГЛАВИЕ И СВЕДЕНИЯ ОБ ОТВЕТСТВЕННОСТИ |
| Основное заглавие |
Имидж аптечной организации. Формирование и продвижение |
| Сведения, относящиеся к заглавию |
монография |
| Первые сведения об ответственности |
Т.И. Урусова, И.Г. Хмелевская |
| Последующие сведения об ответственности |
Гос. образоват. учреждение высш. проф. образования "Кур. гос. мед. ун-т М-ва здравоохранения РФ", Каф. упр. и экономики фармации |
| 210 ## - ПУБЛИКАЦИЯ, РАСПРОСТРАНЕНИЕ И ДР. |
| Место издания, распространения и т.д. |
Курск |
| Имя издателя, распространителя и т. д. |
Изд-во Курского государственного медицинского университета |
| Дата издания, распространения и т.д. |
2005 |
| 215 ## - ФИЗИЧЕСКАЯ ХАРАКТЕРИСТИКА |
| Специфическое обозначение материала и объем |
75 с. |
| Другие сведения о физической характеристике |
ил. |
| Размеры |
21 |
| 320 ## - ПРИМЕЧАНИЯ О НАЛИЧИИ В ДОКУМЕНТЕ БИБЛИОГРАФИИ / УКАЗАТЕЛЯ |
| Текст примечания |
Библиогр.: с. 74-75 (29 назв.) |
| 606 1# - НАИМЕНОВАНИЕ ТЕМЫ КАК ПРЕДМЕТ |
| Наименование темы |
Аптеки |
| Тематический подзаголовок |
Организация работы |
| Системный номер авторитетной/нормативной записи |
997494 |
| Идентификатор авторитетной/нормативной записи |
RU\NLR\auth\6659963 |
| 686 ## - ИНДЕКСЫ ДРУГИХ КЛАССИФИКАЦИЙ |
| Индекс |
Р11(2)26л72 |
| 700 #1 - ИМЯ ЛИЦА - ПЕРВИЧНАЯ ОТВЕТСТВЕННОСТЬ |
| Начальный элемент ввода |
Урусова |
| Часть имени, кроме начального элемента ввода |
Т. И. |
| Расширение инициалов личного имени |
Татьяна Ивановна |
| Код отношения |
Автор |
| 701 #1 - ИМЯ ЛИЦА - АЛЬТЕРНАТИВНАЯ ОТВЕТСТВЕННОСТЬ |
| Код отношения |
Автор |
| Графика поля |
Кириллица |
| Материалы, к которым относится поле |
rus |
| Начальный элемент ввода |
Хмелевская |
| Часть имени, кроме начального элемента ввода |
И. Г. |
| Дополнения к именам, кроме дат |
канд. фармац. наук |
| Расширение инициалов личного имени |
Ирина Геннадьевна |
| Системный номер авторитетной/нормативной записи |
94057 |
| Идентификатор авторитетной/нормативной записи |
RU\NLR\auth\77111132 |
| 801 #0 - ИСТОЧНИК ЗАПИСИ |
| Страна |
Российская Федерация |
| Организация |
NLR |
| Дата составления |
20050627 |
| Правила каталогизации |
rcr |
| 801 #1 - ИСТОЧНИК ЗАПИСИ |
| Страна |
Российская Федерация |
| Организация |
NLR |
| Дата составления |
20050627 |
| 830 ## - ОБЩЕЕ ПРИМЕЧАНИЕ, СОСТАВЛЕННОЕ КАТАЛОГИЗАТОРОМ |
| Текст примечания |
Авт. по эк |
| 942 ## - ДОПОЛНИТЕЛЬНЫЕ ЭЛЕМЕНТЫ ЗАПИСИ (АБИС) |
| Тип экземпляра АБИС |
Книга |
| 980 ## - КОЛЛЕКЦИЯ |
| Название коллекции |
Национальная библиография |